000 00693nam a22002297a 4500
005 20250715113755.0
008 250301b |||||||| |||| 00| 0 eng d
020 _a978-93-5442-167-9
_cRs.275.00
040 _aLoreto College
041 _aEnglish
082 _a320.01(I)
_bPER-MAN
100 _aManoharan, Karthick Ram
245 _aPeriyar
_bA study in political atheism
_cKarthick Ram Manoharan
260 _aHyderabad
_bOrient Blackswan
_c2022
300 _a133p.
_b21cm.
504 _aIncludes glossary
600 _aNaicker, Erode Venkata Ramasamy (Periyar)
650 _aPeriyar - Political atheism
650 _aPolitical philosophy
_zIndian
850 _aLCLIB
942 _cBK
999 _c43924
_d94403